Normal view MARC view
  • Mujeres lingüistas

Entry Materia

Number of records used in: 1

001 - NÚMERO DE CONTROL DEL REGISTRO

  • campo de control: 48088

003 - IDENTIFICADOR DE NUMERO DE CONTROL

  • campo de control: UPN

005 - FECHA Y HORA DE LA ÚLTIMA TRANSACCIÓN

  • campo de control: 20230306123105.0

008 - DATOS DE LONGITUD FIJA

  • campo de control de longitud fija: 230306 n ananbbabn | ana d

040 ## - FUENTE DE LA CATALOGACIÓN

  • Centro catalogador de origen: MX-MxUPN
  • Lengua de catalogación: spa

046 ## - FECHAS CON CODIFICACIÓN ESPECIAL

  • Fecha final para contenidos agregados: 2023

150 ## - ENCABEZAMIENTO - TEMÁTICO

  • Término de materia o nombre geográfico como elemento inicial: Mujeres lingüistas

670 ## - FUENTE EN LA QUE SE LOCALIZARON DATOS

  • Cita de la fuente: LC Authorities, 06 marzo 2023:
  • Información localizada: (Women linguists)
  • Identificador Uniforme del Recurso: https://lccn.loc.gov/sh99002066

670 ## - FUENTE EN LA QUE SE LOCALIZARON DATOS

  • Cita de la fuente: Autoridades LIBRUNAM. 06 marzo 2023 :
  • Información localizada: (Lingüistas)

902 ## - CATALOGADOR

  • Catalogador: VíctorGodínez/060323